[Event "XI Open"]
[Site "Crema ITA"]
[Date "2009.09.04"]
[Round "1"]
[White "Bocci, Alessandro"]
[Black "Casale, Anania"]
[Result "1/2-1/2"]
[WhiteElo "1936"]
[BlackElo "1694"]
[PlyCount "81"]
[EventDate "2009.09.04"]

1. d4 Nf6 2. c4 e6 3. Nf3 b6 4. a3 Bb7 5. Nc3 d5 6. cxd5 exd5 7. Bf4 Be7 8. e3
a6 9. Bd3 O-O 10. O-O Bd6 11. Bg3 Ne4 12. Rc1 Nxg3 13. hxg3 Nd7 14. Nh4 Nf6 15.
Nf5 Bc8 16. Nxd6 Qxd6 17. e4 dxe4 18. Nxe4 Qxd4 19. Qf3 Bg4 20. Nxf6+ gxf6 21.
Qe3 c5 22. Rc4 Qxe3 23. fxe3 Be6 24. Rh4 f5 25. g4 fxg4 26. Bxh7+ Kg7 27. Bf5
Rfe8 28. Rxg4+ Kf8 29. e4 Rad8 30. Rgf4 Bc4 31. R1f2 Rd1+ 32. Kh2 Ke7 33. Kg3
Rg8+ 34. Rg4 Rd3+ 35. Kf4 Rxg4+ 36. Bxg4 Rd4 37. Ke5 Rd6 38. Bh5 Re6+ 39. Kf4
Rf6+ 40. Ke3 Rxf2 41. Kxf2 1/2-1/2

[Event "XI Open"]
[Site "Crema ITA"]
[Date "2009.09.04"]
[Round "1"]
[White "Bonoldi, Fabio"]
[Black "Ornaghi, Giovanni"]
[Result "1-0"]
[WhiteElo "1881"]
[BlackElo "1568"]
[PlyCount "73"]
[EventDate "2009.09.04"]

1. c4 f5 2. Nc3 Nf6 3. g3 g6 4. Bg2 Bg7 5. d3 O-O 6. e4 fxe4 7. Nxe4 c6 8. Qb3
Nxe4 9. Bxe4 Qa5+ 10. Bd2 Qe5 11. Bc3 Qc5 12. Nf3 Bxc3+ 13. bxc3 d6 14. d4 Qh5
15. Nd2 Nd7 16. f4 Nf6 17. Bf3 Qf5 18. O-O-O Qa5 19. Rde1 Re8 20. Re2 Rb8 21.
Rhe1 Kf7 22. Ne4 Bf5 23. Ng5+ Kf8 24. h3 b5 25. c5 d5 26. g4 Qc7 27. gxf5 Qxf4+
28. Kb2 Qxg5 29. fxg6 hxg6 30. Rg2 Qh4 31. Reg1 b4 32. Qc2 bxc3+ 33. Ka1 Qxd4
34. Rd1 Qb4 35. Qxg6 Red8 36. Bh5 Nxh5 37. Qg8# 1-0

[Event "XI Open"]
[Site "Crema ITA"]
[Date "2009.09.04"]
[Round "1"]
[White "Bontempi, Piero"]
[Black "Cecchini, Massimo S."]
[Result "1-0"]
[WhiteElo "2359"]
[BlackElo "1821"]
[PlyCount "57"]
[EventDate "2009.09.04"]

1. e4 c6 2. c4 d5 3. exd5 cxd5 4. cxd5 Nf6 5. Nc3 Nxd5 6. d4 g6 7. Qb3 Nb6 8.
Bb5+ Bd7 9. Nf3 Bg7 10. Ne5 O-O 11. Nxd7 N8xd7 12. O-O Nf6 13. Rd1 Nfd5 14. a4
Nxc3 15. bxc3 Qc7 16. a5 Nd7 17. a6 b6 18. Ba3 Bf6 19. Re1 Rfe8 20. Qd5 Nf8 21.
Bxe8 Rxe8 22. Qb7 Qxb7 23. axb7 Nd7 24. Bd6 a5 25. Rab1 e6 26. d5 Bxc3 27. Rec1
Bf6 28. Rc8 Rd8 29. Bc7 1-0

[Event "XI Open"]
[Site "Crema ITA"]
[Date "2009.09.04"]
[Round "1"]
[White "Bozzali, Ermanno"]
[Black "Biava, Pierluigi"]
[Result "1-0"]
[WhiteElo "2090"]
[BlackElo "1784"]
[PlyCount "53"]
[EventDate "2009.09.04"]

1. d4 Nf6 2. Nf3 d6 3. Nc3 c6 4. e4 Nbd7 5. Bd3 e5 6. O-O Be7 7. a4 O-O 8. b3
exd4 9. Nxd4 Nc5 10. Bb2 Nxd3 11. Qxd3 Qc7 12. f4 Rd8 13. Rae1 Nd7 14. Nf5 Bf8
15. Nh6+ Kh8 16. Nxf7+ Kg8 17. Nxd8 Qxd8 18. e5 Nc5 19. Qd1 d5 20. f5 Qb6 21.
Kh1 Qb4 22. Nxd5 cxd5 23. Qxd5+ Kh8 24. e6 Be7 25. f6 gxf6 26. Rxf6 Qxe1+ 27.
Rf1+ 1-0

[Event "XI Open"]
[Site "Crema ITA"]
[Date "2009.09.04"]
[Round "1"]
[White "Brioschi, Camillo"]
[Black "Carletti, Davide"]
[Result "1-0"]
[WhiteElo "1826"]
[BlackElo "1497"]
[PlyCount "51"]
[EventDate "2009.09.04"]

1. d4 d5 2. c4 c6 3. Nf3 Nf6 4. Nc3 e6 5. cxd5 exd5 6. Bf4 Bd6 7. Ne5 h6 8. e3
Be6 9. Bd3 Qc7 10. Rc1 a6 11. O-O Nbd7 12. Nxd7 Qxd7 13. Bxd6 Qxd6 14. Na4 Ng4
15. g3 Nf6 16. Nc5 Bc8 17. Qc2 g6 18. Rfe1 h5 19. e4 dxe4 20. Bxe4 Kd8 21. Qb3
Qc7 22. d5 h4 23. dxc6 bxc6 24. Rcd1+ Nd7 25. Qxf7 hxg3 26. Ne6# 1-0

[Event "XI Open"]
[Site "Crema ITA"]
[Date "2009.09.04"]
[Round "1"]
[White "Cantoro, Daniele"]
[Black "Mattia, Ermanno"]
[Result "1-0"]
[WhiteElo "1961"]
[BlackElo "1725"]
[PlyCount "56"]
[EventDate "2009.09.04"]

1. e4 c5 2. Nf3 Nc6 3. d4 cxd4 4. Nxd4 Nf6 5. Nc3 e5 6. Ndb5 d6 7. Bg5 a6 8.
Na3 b5 9. Bxf6 gxf6 10. Nd5 Bg7 11. c3 f5 12. Bd3 Ne7 13. Nxe7 Qxe7 14. Qh5 O-O
15. O-O d5 16. exf5 e4 17. Be2 b4 18. Nc2 bxc3 19. bxc3 Bxc3 20. Rad1 Bb7 21.
Ne3 d4 22. Ng4 d3 23. Bxd3 exd3 24. Rxd3 Rac8 25. f6 Bxf6 26. Rd7 Qe6 27. Rxb7
Bd4 28. Nh6+ Kg7 1-0

[Event "XI Open"]
[Site "Crema ITA"]
[Date "2009.09.04"]
[Round "1"]
[White "Caramaschi, Vincenzo"]
[Black "Distratis, Gianluca"]
[Result "0-1"]
[WhiteElo "1646"]
[BlackElo "1926"]
[PlyCount "40"]
[EventDate "2009.09.04"]

1. e4 d5 2. exd5 Nf6 3. Nc3 Nxd5 4. Qf3 Nb6 5. Bb5+ c6 6. Be2 e5 7. d3 Be7 8.
Bd2 Be6 9. O-O-O Na6 10. Kb1 Nb4 11. a3 N4d5 12. g3 Nxc3+ 13. Bxc3 Bd5 14. Qg4
Bxh1 15. f3 Bf6 16. Nh3 Bg2 17. Nf2 Nd5 18. Bd2 Qb6 19. Ne4 Ke7 20. h4 h5 0-1

[Event "XI Open"]
[Site "Crema ITA"]
[Date "2009.09.04"]
[Round "1"]
[White "Carletti, Angelo"]
[Black "Guzzetti, Luigi Enrico"]
[Result "1-0"]
[WhiteElo "1565"]
[BlackElo "1863"]
[PlyCount "83"]
[EventDate "2009.09.04"]

1. e4 c5 2. Nf3 e6 3. c3 Nc6 4. d4 d5 5. exd5 Qxd5 6. Na3 cxd4 7. Nb5 Bd6 8.
Nfxd4 Nxd4 9. Qxd4 Qxd4 10. Nxd4 Bd7 11. Be3 Nf6 12. Nb5 Bxb5 13. Bxb5+ Ke7 14.
O-O-O a6 15. Be2 Nd5 16. Bd4 Nf6 17. Bf3 Rhb8 18. Rd3 Bf4+ 19. Kc2 Kf8 20. Rhd1
e5 21. Bc5+ Kg8 22. Bxb7 e4 23. Rd4 Be5 24. Bxa8 Bxd4 25. Bxd4 Rxa8 26. Bxf6
gxf6 27. Rd4 Re8 28. Kd2 Kg7 29. Rd6 Re6 30. Rxe6 fxe6 31. Ke3 f5 32. b4 Kf6
33. a4 Ke5 34. b5 f4+ 35. Kd2 axb5 36. axb5 Kd5 37. c4+ Kc5 38. g3 e5 39. g4
e3+ 40. fxe3 f3 41. g5 Kxc4 42. b6 1-0

[Event "XI Open"]
[Site "Crema ITA"]
[Date "2009.09.04"]
[Round "1"]
[White "Casartelli, Fabio"]
[Black "Calvi, Luca"]
[Result "1-0"]
[WhiteElo "1908"]
[BlackElo "1622"]
[PlyCount "67"]
[EventDate "2009.09.04"]

1. e4 c5 2. f4 e6 3. Nf3 d5 4. exd5 exd5 5. d4 Nf6 6. Be2 Be7 7. Nc3 Nc6 8. O-O
O-O 9. Bb5 Qb6 10. Bxc6 bxc6 11. Re1 Bd6 12. Na4 Qc7 13. Nxc5 Bxf4 14. Bxf4
Qxf4 15. Nd3 Qc7 16. c3 Ba6 17. Nc5 Bc8 18. Ne5 Bf5 19. Qa4 Rac8 20. Rf1 Be4
21. Rae1 Rfe8 22. b4 Rxe5 23. dxe5 Qxe5 24. Nxe4 dxe4 25. Qxa7 h6 26. Qd4 Qe7
27. a4 c5 28. Qc4 Qa7 29. b5 Qc7 30. Rxf6 gxf6 31. Qxe4 c4 32. a5 Qc5+ 33. Qd4
Qxb5 34. Qg4+ 1-0

[Event "XI Open"]
[Site "Crema ITA"]
[Date "2009.09.04"]
[Round "1"]
[White "Castrogiovanni, Carlo"]
[Black "Borboni, Paolo"]
[Result "1-0"]
[WhiteElo "2018"]
[BlackElo "1750"]
[PlyCount "95"]
[EventDate "2009.09.04"]

1. d4 d5 2. Bg5 Nf6 3. Bxf6 exf6 4. e3 c5 5. c3 Bf5 6. Bd3 Bxd3 7. Qxd3 c4 8.
Qc2 b5 9. Ne2 Bd6 10. Nd2 Nc6 11. e4 dxe4 12. Qxe4+ Ne7 13. O-O O-O 14. a4 a6
15. Ng3 Bxg3 16. hxg3 Re8 17. axb5 axb5 18. Rxa8 Qxa8 19. Re1 Qxe4 20. Nxe4 Kf8
21. f3 Nd5 22. Kf2 Nc7 23. Ra1 Ra8 24. Rxa8+ Nxa8 25. Ke2 Ke7 26. Kd2 Ke6 27.
Nc5+ Kd6 28. Na6 Nb6 29. Nb4 Nd5 30. Nxd5 Kxd5 31. Kc2 f5 32. Kd2 h5 33. Ke3 g5
34. Kd2 Kd6 35. Kd1 Ke6 36. Kc2 Kd6 37. b3 Kd5 38. bxc4+ Kxc4 39. Kd2 Kd5 40.
Kd3 f6 41. Kd2 Kd6 42. Kc2 Kc6 43. Kb3 Kd5 44. Kb4 Kc6 45. Ka5 h4 46. gxh4 f4
47. h5 f5 48. h6 1-0

[Event "XI Open"]
[Site "Crema ITA"]
[Date "2009.09.04"]
[Round "1"]
[White "Cautiero, Pietro"]
[Black "Giannetta, Paolo"]
[Result "1-0"]
[WhiteElo "1679"]
[BlackElo "1931"]
[PlyCount "47"]
[EventDate "2009.09.04"]

1. d4 Nf6 2. Nf3 d6 3. c4 g6 4. Nc3 Bg7 5. g3 O-O 6. Bg2 c6 7. O-O Be6 8. d5
Bd7 9. Re1 c5 10. e4 Bg4 11. Qb3 Bxf3 12. Bxf3 b6 13. Bf4 Nbd7 14. e5 Nxe5 15.
Bxe5 dxe5 16. Rxe5 Ng4 17. Re2 f5 18. Rae1 Bf6 19. Qd1 Rb8 20. Nb5 a6 21. Na7
Qc7 22. Nc6 Rbe8 23. d6 Nxf2 24. Qd5+ 1-0

[Event "XI Open"]
[Site "Crema ITA"]
[Date "2009.09.04"]
[Round "1"]
[White "Cervini, Ernesto"]
[Black "Raimondi, Giorgio"]
[Result "1/2-1/2"]
[WhiteElo "1822"]
[BlackElo "1428"]
[PlyCount "64"]
[EventDate "2009.09.04"]

1. d4 Nf6 2. c4 e6 3. Nc3 b6 4. e4 Bb7 5. Bd3 d5 6. cxd5 exd5 7. Bg5 dxe4 8.
Nxe4 Nbd7 9. a3 Be7 10. Nxf6+ Bxf6 11. Bxf6 Qxf6 12. Qe2+ Kd8 13. Qc2 Re8+ 14.
Ne2 Bxg2 15. Rg1 Bf3 16. Rc1 Rc8 17. Kf1 g6 18. Ba6 Ra8 19. Qxc7+ Ke7 20. Bb5
Qf5 21. Qxd7+ Qxd7 22. Bxd7 Kxd7 23. Rc2 Bxe2+ 24. Rxe2 Rxe2 25. Kxe2 Rc8 26.
Kd2 f5 27. Re1 Rc6 28. f4 Re6 29. Rxe6 Kxe6 30. Kc3 Kd6 31. Kd3 Kd5 32. b3 h6
1/2-1/2

[Event "XI Open"]
[Site "Crema ITA"]
[Date "2009.09.04"]
[Round "1"]
[White "Christen, Peter Walter"]
[Black "Gonella, Daniele"]
[Result "0-1"]
[WhiteElo "1420"]
[BlackElo "1827"]
[PlyCount "64"]
[EventDate "2009.09.04"]

1. e4 e5 2. Nf3 Nc6 3. Bc4 Bc5 4. c3 Nf6 5. b4 Bb6 6. d3 d6 7. a4 a5 8. b5 Ne7
9. O-O O-O 10. Be3 c6 11. Nbd2 Bxe3 12. fxe3 d5 13. exd5 Nexd5 14. Bxd5 Nxd5
15. Nc4 cxb5 16. axb5 e4 17. dxe4 Nxc3 18. Qxd8 Rxd8 19. Nb6 Ra7 20. Nxc8 Rxc8
21. Nd4 Nxe4 22. Rf4 Nf6 23. Raf1 a4 24. g4 h6 25. h4 a3 26. Nf5 Rc2 27. Nxh6+
gxh6 28. Rxf6 a2 29. Rxf7 a1=Q 30. Rf8+ Kh7 31. R8f7+ Qg7 32. b6 Raa2 0-1

[Event "XI Open"]
[Site "Crema ITA"]
[Date "2009.09.04"]
[Round "1"]
[White "Colombo, Luca"]
[Black "Cappa, Enrico"]
[Result "1-0"]
[WhiteElo "1850"]
[BlackElo "1529"]
[PlyCount "74"]
[EventDate "2009.09.04"]

1. e4 c5 2. Nc3 d6 3. d3 Nf6 4. g3 e6 5. Bg2 Nc6 6. Nge2 Be7 7. O-O O-O 8. f4
Bd7 9. h3 h5 10. Be3 a6 11. d4 cxd4 12. Nxd4 e5 13. Nf5 Be6 14. Nxe7+ Nxe7 15.
f5 Bc8 16. g4 hxg4 17. hxg4 Nh7 18. g5 b5 19. f6 gxf6 20. gxf6 Ng6 21. Nd5 Rb8
22. Qf3 Be6 23. Rad1 Rc8 24. c3 Re8 25. Bh3 Bxh3 26. Qxh3 Rc4 27. Qg2 Kh8 28.
Bh6 Rg8 29. Bg7+ Rxg7 30. fxg7+ Kxg7 31. b3 Rc6 32. Rd3 Ng5 33. Rg3 Ne6 34.
Rxf7+ Kxf7 35. Rxg6 Qf8 36. Rf6+ Ke8 37. Qg6+ Kd8 1-0

[Event "XI Open"]
[Site "Crema ITA"]
[Date "2009.09.04"]
[Round "1"]
[White "Delle Fave, Fabio"]
[Black "Annoni, Riccardo"]
[Result "0-1"]
[WhiteElo "1774"]
[BlackElo "2087"]
[PlyCount "100"]
[EventDate "2009.09.04"]

1. e4 c5 2. Nf3 e6 3. d4 cxd4 4. Nxd4 Nf6 5. Bd3 Nc6 6. Nxc6 bxc6 7. c4 d5 8.
cxd5 cxd5 9. exd5 Qxd5 10. O-O Bb7 11. f3 Rd8 12. Qa4+ Bc6 13. Qa6 Bc5+ 14. Kh1
Qxd3 15. Qxc6+ Nd7 16. Re1 Bf2 17. Qe4 Qxe4 18. Rxe4 Nf6 19. Nc3 Nxe4 20. fxe4
f6 21. Bf4 e5 22. Rf1 Bd4 23. Bd2 Bxc3 24. Bxc3 Rd3 25. Re1 Kf7 26. Kg1 Rhd8
27. Kf2 Ke6 28. a3 h5 29. Rc1 g6 30. Bb4 Kd7 31. Ke2 Rd4 32. Ke3 Rc8 33. Rf1
Ke6 34. Bc3 Rd7 35. g3 Rc4 36. h3 f5 37. exf5+ gxf5 38. Rg1 Rg7 39. Kf3 h4 40.
Rg2 hxg3 41. Rxg3 Rxg3+ 42. Kxg3 Kd5 43. h4 Ke4 44. h5 f4+ 45. Kg4 Rxc3 46.
bxc3 f3 47. Kg3 Ke3 48. h6 f2 49. h7 f1=Q 50. h8=Q Qg1+ 0-1

[Event "XI Open"]
[Site "Crema ITA"]
[Date "2009.09.04"]
[Round "1"]
[White "Foglia, Maurizio"]
[Black "Bongiorni, Gabriele"]
[Result "1-0"]
[WhiteElo "2147"]
[BlackElo "1792"]
[PlyCount "53"]
[EventDate "2009.09.04"]

1. d4 Nf6 2. Nf3 g6 3. Bf4 Bg7 4. e3 d6 5. h3 O-O 6. Be2 a6 7. a4 Nbd7 8. O-O
Re8 9. c4 b6 10. Nc3 Bb7 11. b4 e5 12. Bh2 Ne4 13. Nxe4 Bxe4 14. Rc1 exd4 15.
exd4 Bb7 16. c5 dxc5 17. dxc5 bxc5 18. bxc5 Bc6 19. Bc4 Ne5 20. Bxe5 Qxd1 21.
Rfxd1 Bxf3 22. Rd7 Rxe5 23. gxf3 Rf5 24. Rxc7 Rd8 25. Bxa6 Rxf3 26. Rc8 Rxc8
27. Bxc8 1-0

[Event "XI Open"]
[Site "Crema ITA"]
[Date "2009.09.04"]
[Round "1"]
[White "Folcini, Gaddo"]
[Black "Acunzo, Domenico"]
[Result "0-1"]
[WhiteElo "1514"]
[BlackElo "1833"]
[PlyCount "48"]
[EventDate "2009.09.04"]

1. d4 e6 2. Nc3 f5 3. Nf3 Nf6 4. Bg5 d5 5. Bxf6 Qxf6 6. e3 c6 7. Be2 Bd6 8. h4
O-O 9. Qd2 Nd7 10. O-O-O a5 11. Rdg1 b5 12. g4 f4 13. g5 Qe7 14. Bd3 fxe3 15.
Bxh7+ Kxh7 16. g6+ Kg8 17. Qe2 exf2 18. Ne5 fxg1=Q+ 19. Rxg1 Bxe5 20. dxe5 Qxh4
21. Rg2 Qf4+ 22. Kb1 Qf1+ 23. Nd1 Qxe2 24. Rxe2 Rf5 0-1

[Event "XI Open"]
[Site "Crema ITA"]
[Date "2009.09.04"]
[Round "1"]
[White "Frugoni, Giulio"]
[Black "Mussap, Angelo"]
[Result "1-0"]
[WhiteElo "1762"]
[BlackElo "2045"]
[PlyCount "75"]
[EventDate "2009.09.04"]

1. Nf3 c6 2. d4 d5 3. c4 Nf6 4. Bf4 g6 5. Nc3 Bg7 6. e3 O-O 7. Be2 Nbd7 8. O-O
Nb6 9. cxd5 Nbxd5 10. Nxd5 Nxd5 11. Bg3 Qb6 12. Qd2 Bf5 13. a3 Nf6 14. Be5 Ne4
15. Qb4 Bxe5 16. Nxe5 Qc7 17. Bg4 c5 18. Qa4 Bxg4 19. Nxg4 cxd4 20. Nh6+ Kg7
21. Qxd4+ Nf6 22. Qh4 Rfc8 23. g4 Qe5 24. g5 Ne4 25. f4 Qc5 26. Rf3 f6 27. Rh3
Rh8 28. Ng4 fxg5 29. Qh6+ Kf7 30. Ne5+ Ke6 31. Qg7 gxf4 32. Qf7+ Kxe5 33. Qxf4+
Ke6 34. Qxe4+ Qe5 35. Qa4 Qxb2 36. Qg4+ Kf7 37. Rf1+ Kg7 38. Qe6 1-0

[Event "XI Open"]
[Site "Crema ITA"]
[Date "2009.09.04"]
[Round "1"]
[White "Lanni, Vincenzo"]
[Black "Magrini, Fabrizio"]
[Result "0-1"]
[WhiteElo "1817"]
[BlackElo "2150"]
[PlyCount "50"]
[EventDate "2009.09.04"]

1. d4 Nf6 2. g3 e6 3. Bg2 d5 4. Nf3 c5 5. c3 Nc6 6. O-O Bd6 7. Bg5 h6 8. Bxf6
Qxf6 9. dxc5 Bxc5 10. Nbd2 O-O 11. e4 Bb6 12. Qc2 Bd7 13. Rfe1 Rac8 14. e5 Qe7
15. Nb3 f6 16. exf6 Qxf6 17. Qd2 Kh8 18. Kh1 Rce8 19. Re2 e5 20. h3 Bxh3 21.
Nh4 Bxg2+ 22. Nxg2 Qf5 23. Ne3 Qh3+ 24. Kg1 Rf3 25. Rae1 Ref8 0-1

[Event "XI Open"]
[Site "Crema ITA"]
[Date "2009.09.04"]
[Round "1"]
[White "Lorenzotti, Fabrizio"]
[Black "Barucco, Mattia"]
[Result "0-1"]
[WhiteElo "1733"]
[BlackElo "1994"]
[PlyCount "62"]
[EventDate "2009.09.04"]

1. e4 c6 2. d4 d5 3. Nc3 dxe4 4. Nxe4 Nd7 5. Nf3 Ngf6 6. Ng3 e6 7. Bd3 c5 8. c3
Be7 9. O-O O-O 10. Re1 b6 11. Qc2 Bb7 12. Ne4 Nxe4 13. Bxe4 Bxe4 14. Qxe4 Nf6
15. Qd3 Rc8 16. h3 cxd4 17. Nxd4 Bc5 18. Bg5 h6 19. Bh4 Bxd4 20. cxd4 Qd5 21.
Re5 Qc4 22. Qg3 Nd7 23. Rh5 Qxd4 24. Rxh6 Qxb2 25. Rf1 Qc3 26. Qg5 Rc5 27. Qe7
gxh6 28. Qxd7 Rc7 29. Qd1 Rfc8 30. Qg4+ Qg7 31. Qf4 Rc4 0-1

[Event "XI Open"]
[Site "Crema ITA"]
[Date "2009.09.04"]
[Round "1"]
[White "Madaschi, Sergio"]
[Black "Scarabelli, Maurizio"]
[Result "0-1"]
[WhiteElo "1576"]
[BlackElo "1889"]
[PlyCount "102"]
[EventDate "2009.09.04"]

1. e4 c5 2. Nf3 e6 3. d3 Nc6 4. g3 Be7 5. Bg2 d6 6. O-O Nf6 7. Re1 Qc7 8. Qe2
a6 9. c3 O-O 10. Bf4 e5 11. Be3 Bg4 12. h3 Bd7 13. Nbd2 Rac8 14. Nf1 b5 15. a3
Nd8 16. N3h2 Bc6 17. f4 c4 18. Ng4 Nxg4 19. hxg4 cxd3 20. Qxd3 Bd7 21. f5 g5
22. Nd2 Nb7 23. Rf1 Nc5 24. Qe2 f6 25. Bf3 Na4 26. Rab1 Bc6 27. Kg2 Rcd8 28.
Qf2 Qb7 29. Kg1 Rf7 30. Qg2 Bf8 31. Nb3 Qc7 32. Nd2 Ba8 33. Rfe1 Nc5 34. Qe2 d5
35. exd5 Bxd5 36. Bf2 Bxf3 37. Nxf3 Bd6 38. Kh2 h5 39. gxh5 Rh7 40. Nd2 e4 41.
Nxe4 Nxe4 42. Qxe4 Rxh5+ 43. Kg2 Be5 44. Rh1 Rxh1 45. Rxh1 Rd2 46. Qa8+ Rd8 47.
Qe4 Kg7 48. Qf3 Rd2 49. Qa8 Qb8 50. Qf3 Rxb2 51. Qh5 Qb7+ 0-1

[Event "XI Open"]
[Site "Crema ITA"]
[Date "2009.09.04"]
[Round "1"]
[White "Marchesotti, Giovanni"]
[Black "De Paoli, Emilio"]
[Result "0-1"]
[WhiteElo "1643"]
[BlackElo "1914"]
[PlyCount "80"]
[EventDate "2009.09.04"]

1. g3 c5 2. Bg2 Nc6 3. c4 Nf6 4. Nc3 e6 5. Nf3 d5 6. cxd5 exd5 7. d4 cxd4 8.
Nxd4 Bb4 9. O-O O-O 10. Bf4 Bxc3 11. Nxc6 bxc6 12. bxc3 Bf5 13. Bg5 h6 14. Bxf6
Qxf6 15. Qd4 Qe6 16. e3 Bh3 17. Rfc1 Bxg2 18. Kxg2 a6 19. Rab1 Rfc8 20. c4 Kh7
21. cxd5 cxd5 22. Rxc8 Rxc8 23. Rd1 Rc2 24. Rd2 Rxd2 25. Qxd2 Qe4+ 26. Kg1 Kg6
27. a3 Qc4 28. Qb4 f6 29. Qxc4 dxc4 30. Kf1 Kf5 31. Ke2 Ke4 32. f3+ Kd5 33. Kd2
f5 34. Kc3 g5 35. h4 g4 36. fxg4 fxg4 37. h5 Ke4 38. Kxc4 Kxe3 39. Kd5 Kf2 40.
Ke5 Kxg3 0-1

[Event "XI Open"]
[Site "Crema ITA"]
[Date "2009.09.04"]
[Round "1"]
[White "Oteri, Aldo"]
[Black "Vuckovic, Dimitrije"]
[Result "1-0"]
[WhiteElo "1830"]
[BlackElo "1513"]
[PlyCount "39"]
[EventDate "2009.09.04"]

1. e4 c5 2. Nf3 d6 3. d4 cxd4 4. Nxd4 Nf6 5. Nc3 g6 6. Be3 Bg7 7. f3 O-O 8. Qd2
Nc6 9. O-O-O a6 10. g4 Ne5 11. h4 h5 12. Be2 b5 13. gxh5 Nxh5 14. Rhg1 Nc4 15.
Bxc4 bxc4 16. Bh6 e5 17. Nf5 gxf5 18. Bxg7 f4 19. Bf6+ Ng7 20. Rxg7+ 1-0

[Event "XI Open"]
[Site "Crema ITA"]
[Date "2009.09.04"]
[Round "1"]
[White "Petrone, Gianmario"]
[Black "Rota, Simone"]
[Result "0-1"]
[WhiteElo "1752"]
[BlackElo "2025"]
[PlyCount "56"]
[EventDate "2009.09.04"]

1. e4 c5 2. Nf3 d6 3. d4 cxd4 4. Nxd4 Nf6 5. Nc3 e6 6. Bb5+ Bd7 7. Bxd7+ Qxd7
8. O-O a6 9. Re1 Be7 10. Bg5 O-O 11. Nf3 Qc7 12. Qe2 Nc6 13. a3 Rac8 14. Rad1
Rfd8 15. h3 b5 16. e5 dxe5 17. Rxd8+ Rxd8 18. Nxe5 Nd4 19. Qd3 Nf5 20. Qf3 Nd4
21. Qd3 Nc6 22. Qe3 Nxe5 23. Qxe5 Qc6 24. Rc1 h6 25. Be3 Bd6 26. Qd4 Bh2+ 27.
Kxh2 Rxd4 28. Bxd4 Qd6+ 0-1

[Event "XI Open"]
[Site "Crema ITA"]
[Date "2009.09.04"]
[Round "1"]
[White "Pinna, Ferdinando"]
[Black "Bonazzi, Edoardo"]
[Result "0-1"]
[WhiteElo "1818"]
[BlackElo "2191"]
[PlyCount "47"]
[EventDate "2009.09.04"]

1. e4 c6 2. d4 d5 3. Nc3 dxe4 4. Nxe4 Bf5 5. Ng3 Bg6 6. Nf3 Nd7 7. h4 h6 8. h5
Bh7 9. Bd3 Bxd3 10. Qxd3 e6 11. Bd2 Ngf6 12. O-O-O Be7 13. Kb1 O-O 14. c4 b5
15. cxb5 cxb5 16. Ne4 Qb6 17. Nxf6+ Nxf6 18. Ne5 Rad8 19. Be3 Nd5 20. g4 Bf6
21. Nf3 Qb7 22. Bc1 Nb4 23. Qb3 Qe4+ 24. Ka1 0-1

[Event "XI Open"]
[Site "Crema ITA"]
[Date "2009.09.04"]
[Round "1"]
[White "Potenza, Gaetano"]
[Black "Gerundino, Nicola"]
[Result "1/2-1/2"]
[WhiteElo "1713"]
[BlackElo "1961"]
[PlyCount "117"]
[EventDate "2009.09.04"]

1. e4 c5 2. Nf3 Nc6 3. d4 cxd4 4. Nxd4 Nf6 5. Nc3 e5 6. Ndb5 d6 7. Bg5 a6 8.
Na3 b5 9. Bxf6 gxf6 10. Nd5 Bg7 11. Bd3 Be6 12. O-O f5 13. c3 Bxd5 14. exd5 Ne7
15. Rc1 O-O 16. Be2 Qb6 17. Nc2 Rac8 18. Kh1 Rc5 19. f4 Rxd5 20. Qe1 e4 21. Qg3
Rc5 22. Ne3 Rfc8 23. Rfd1 d5 24. Rc2 Kh8 25. Rcd2 Qe6 26. a3 Rd8 27. Nc2 Rc7
28. Qe3 Nc6 29. Qb6 Ra7 30. Nb4 Rd6 31. Nxc6 Re7 32. Qxa6 Rxc6 33. Qxb5 d4 34.
cxd4 Rb6 35. Qc5 Reb7 36. d5 Qd7 37. b4 Kg8 38. Rc2 Bf8 39. Qd4 Bg7 40. Qc4 Bf8
41. Rc3 Ra7 42. Qd4 Rba6 43. Rg3+ Rg6 44. Rxg6+ hxg6 45. Qb6 Rxa3 46. b5 Rc3
47. h3 Bd6 48. Qd4 Rb3 49. Ra1 Qb7 50. Qc4 Rb4 51. Qc6 Qxc6 52. dxc6 Bxf4 53.
Kg1 Kg7 54. Kf2 Rb2 55. Ke1 Bd6 56. Ra7 Rb1+ 57. Bd1 Rxb5 58. Rb7 Rxb7 59. cxb7
1/2-1/2

[Event "XI Open"]
[Site "Crema ITA"]
[Date "2009.09.04"]
[Round "1"]
[White "Quagliarella, Sabino Remo"]
[Black "Vishanji, Franz"]
[Result "1-0"]
[WhiteElo "1917"]
[BlackElo "1646"]
[PlyCount "45"]
[EventDate "2009.09.04"]

1. d4 d5 2. Nf3 Nc6 3. Bf4 Nf6 4. e3 e6 5. Bb5 a6 6. Bxc6+ bxc6 7. Ne5 c5 8.
O-O Rb8 9. Nc6 Qd7 10. Nxb8 Qb5 11. Bxc7 Qb7 12. Bg3 Be7 13. dxc5 Bxc5 14. c4
Ne4 15. Qa4+ Kf8 16. Qb3 f6 17. Qxb7 Bxb7 18. Nd7+ Kf7 19. Nxc5 Nxc5 20. cxd5
Bxd5 21. Nc3 Bc4 22. Rfd1 Rb8 23. Bxb8 1-0

[Event "XI Open"]
[Site "Crema ITA"]
[Date "2009.09.04"]
[Round "1"]
[White "Ranfagni, Stefano"]
[Black "Raffaldi, Fabrizio"]
[Result "1-0"]
[WhiteElo "2025"]
[BlackElo "1760"]
[PlyCount "65"]
[EventDate "2009.09.04"]

1. e4 c6 2. c4 d5 3. exd5 cxd5 4. d4 e6 5. Nc3 Nf6 6. Nf3 Be7 7. c5 O-O 8. Bd3
b6 9. cxb6 Qxb6 10. O-O Ba6 11. Na4 Qa5 12. Bd2 Bb4 13. Bxb4 Qxb4 14. a3 Qd6
15. Nc5 Bxd3 16. Qxd3 Nbd7 17. b4 Nxc5 18. bxc5 Qc7 19. Rab1 Nd7 20. Rfc1 f6
21. a4 Rfb8 22. h4 Qc6 23. Qe2 a6 24. g4 Re8 25. Qc2 e5 26. dxe5 fxe5 27. Ng5
g6 28. h5 Qf6 29. Qd2 e4 30. Qxd5+ Kg7 31. Qxd7+ Re7 32. Qd5 Re5 33. h6+ 1-0

[Event "XI Open"]
[Site "Crema ITA"]
[Date "2009.09.04"]
[Round "1"]
[White "Rotoni, Matteo"]
[Black "Guglielmetti, Oscar"]
[Result "1-0"]
[WhiteElo "2176"]
[BlackElo "1817"]
[PlyCount "105"]
[EventDate "2009.09.04"]

1. e4 c6 2. d4 d5 3. e5 Bf5 4. h4 h6 5. g4 Bh7 6. e6 fxe6 7. Bd3 g6 8. g5 h5 9.
Ne2 e5 10. dxe5 Nd7 11. f4 e6 12. Ng3 Ne7 13. Nxh5 Nf5 14. Bxf5 exf5 15. Ng3
Qa5+ 16. Bd2 Qb6 17. Nc3 Bc5 18. Na4 Bf2+ 19. Kf1 Qa6+ 20. Kxf2 Qxa4 21. c3 Qb5
22. Qe2 Qb6+ 23. Be3 Qc7 24. h5 O-O-O 25. b4 Nb6 26. Bxb6 Qxb6+ 27. Qe3 d4 28.
cxd4 Qxb4 29. Rab1 Qc4 30. Rb2 Qd5 31. Rd2 Bg8 32. h6 Rh7 33. Rc1 Qd7 34. Ne2
Qc7 35. d5 Bxd5 36. Qxa7 Qf7 37. Rb2 Qc7 38. Nd4 b5 39. Qc5 Kb7 40. a4 Qb6 41.
Qxb6+ Kxb6 42. axb5 c5 43. Nc6 Rdd7 44. Ra1 Bxc6 45. Ra6+ Kb7 46. Rxc6 Rc7 47.
Rxg6 c4 48. Rc2 c3 49. Rc6 Rxc6 50. bxc6+ Kxc6 51. Rxc3+ Kd5 52. Ke3 Ra7 53. g6
1-0

[Event "XI Open"]
[Site "Crema ITA"]
[Date "2009.09.04"]
[Round "1"]
[White "Tagliaferri, Valerio"]
[Black "Pagano, Davide"]
[Result "1-0"]
[WhiteElo "1860"]
[BlackElo "1563"]
[PlyCount "133"]
[EventDate "2009.09.04"]

1. e4 c5 2. Nf3 d6 3. Bb5+ Nc6 4. O-O Nf6 5. Re1 g6 6. c3 Bg7 7. d4 a6 8. Bxc6+
bxc6 9. dxc5 d5 10. Nbd2 O-O 11. Qa4 Bd7 12. e5 Ne8 13. Nb3 Nc7 14. Nbd4 Nb5
15. Bg5 Re8 16. Rab1 Qc7 17. Qc2 Nxd4 18. cxd4 Bf5 19. Qd2 Bxb1 20. Rxb1 f6 21.
Bh6 Bh8 22. Re1 e6 23. exf6 Bxf6 24. Bf4 Qg7 25. Ne5 Bxe5 26. Bxe5 Qf7 27. Re3
Qf5 28. Qd1 Rf8 29. f4 h5 30. h4 Ra7 31. Rb3 Qe4 32. g3 Raf7 33. Kf2 Rf5 34.
Qe2 Qh1 35. Qxa6 Qh2+ 36. Ke1 Qh1+ 37. Kd2 g5 38. Qxc6 Qg2+ 39. Kc3 Rxe5 40.
fxe5 Qxg3+ 41. Kb4 Qg4 42. hxg5 Qxd4+ 43. Ka3 Qxe5 44. Rh3 Rb8 45. Rb3 Rf8 46.
Rh3 h4 47. b4 Rf7 48. Qd6 Qf5 49. Rxh4 Ra7+ 50. Kb2 Qf2+ 51. Kb3 Qxa2+ 52. Kc3
Ra3+ 53. Kd4 Qc4+ 54. Ke5 Re3+ 55. Kf6 Qc3+ 56. Ke7 Qg7+ 57. Kd8 Qxg5+ 58. Qe7
Qxe7+ 59. Kxe7 e5 60. c6 Rc3 61. Kd7 d4 62. Re4 d3 63. Rxe5 Rb3 64. Rd5 Rxb4
65. Rxd3 Rf4 66. c7 Rf7+ 67. Kc6 1-0